000 00486nam a2200169Ia 4500
008 240729s9999 xx 000 0 und d
022 _a2667-095X
245 0 _aRenewable and Sustainable Energy Transition
260 _aUnited Kingdom
260 _bElsevier
650 _a Mechanical engineering and machinery
650 _a Renewable energy sources
650 _aTechnology
856 _uhttps://doaj.org/toc/efa4ed2595aa4a0da64e27348cfa52e3
942 _2ddc
942 _cDOAJEJ
999 _c69882
_d69882
945 _a1
_bMadushi Gamage
_c1
_dMadushi Gamage